Cranial Nerves - Statistics

General Stats
  • This quiz has been taken 45 times
  • The average score is 10 of 12
Answer Stats
Hint Answer % Correct
II Optic
97%
III Occulomotor
93%
I Olfactory
93%
VII Facial
86%
V Trigeminal
86%
X Vagus
86%
IV Trochlear
83%
VI Abducens
72%
XI Accessory
72%
IX Glossopharyngeal
72%
XII Hypoglossal
69%
VIII Vestibulocochlear
69%
No matching quizzes found
Score Distribution
Percent of People with Each Score
Percentile by Number Answered
Your Score History
You have not taken this quiz